<?xml version="1.0" encoding="UTF-8"?><marc:collection xmlns:marc="http://www.loc.gov/MARC21/slim">
  <marc:record>
    <marc:leader>00000nam##2200000za#4500</marc:leader>
    <marc:controlfield tag="001">9.637684</marc:controlfield>
    <marc:controlfield tag="003">CaOODSP</marc:controlfield>
    <marc:controlfield tag="005">20250611103547</marc:controlfield>
    <marc:controlfield tag="007">cr |||||||||||</marc:controlfield>
    <marc:controlfield tag="008">150407|1997||||xxc|||||o    f|0| 0 fre|d</marc:controlfield>
    <marc:datafield tag="040" ind1=" " ind2=" ">
      <marc:subfield code="a">CaOODSP</marc:subfield>
      <marc:subfield code="b">fre</marc:subfield>
    </marc:datafield>
    <marc:datafield tag="043" ind1=" " ind2=" ">
      <marc:subfield code="a">n-cn---</marc:subfield>
    </marc:datafield>
    <marc:datafield tag="086" ind1="1" ind2=" ">
      <marc:subfield code="a">A22-166/1-1997F-PDF</marc:subfield>
    </marc:datafield>
    <marc:datafield tag="110" ind1="1" ind2=" ">
      <marc:subfield code="a">Canada. </marc:subfield>
      <marc:subfield code="b">Agriculture et agroalimentaire Canada.</marc:subfield>
    </marc:datafield>
    <marc:datafield tag="245" ind1="1" ind2="0">
      <marc:subfield code="a">Agriculture en harmonie avec la nature : </marc:subfield>
      <marc:subfield code="h">[ressource électronique]</marc:subfield>
      <marc:subfield code="b">stratégie pour un environnement agricole et agroalimentaire durable au Canada </marc:subfield>
    </marc:datafield>
    <marc:datafield tag="260" ind1=" " ind2=" ">
      <marc:subfield code="a">Ottawa - Ontario : </marc:subfield>
      <marc:subfield code="b">Agriculture et Agroalimentaire Canada </marc:subfield>
      <marc:subfield code="c">c1997.</marc:subfield>
    </marc:datafield>
    <marc:datafield tag="300" ind1=" " ind2=" ">
      <marc:subfield code="a">86p.</marc:subfield>
      <marc:subfield code="b">carte en couleur, graphique, photographies</marc:subfield>
    </marc:datafield>
    <marc:datafield tag="500" ind1=" " ind2=" ">
      <marc:subfield code="a">«La présente stratégie offre aux décideurs du secteur et du Ministère les outils et l'information dont ils ont besoin pour que le secteur agroalimentaire canadien connaisse une croissance soutenue grâce à l'excellence de sa fiche environnementale.»--Résumé.</marc:subfield>
    </marc:datafield>
    <marc:datafield tag="500" ind1=" " ind2=" ">
      <marc:subfield code="a">Le n° de catalogue (A22-166/1-1997F) et l'ISBN (0-662-81826-1) copiés dans cette publication PDF sont incorrects.</marc:subfield>
    </marc:datafield>
    <marc:datafield tag="520" ind1="3" ind2=" ">
      <marc:subfield code="a">La présente stratégie offre aux décideurs du secteur et du Ministère les outils et l'information dont ils ont besoin pour que le secteur agroalimentaire canadien connaisse une croissance soutenue grâce à l'excellence de sa fiche environnementale.--Résumé</marc:subfield>
    </marc:datafield>
    <marc:datafield tag="590" ind1=" " ind2=" ">
      <marc:subfield code="a">10-05-Supp</marc:subfield>
      <marc:subfield code="b">2010-07-20</marc:subfield>
    </marc:datafield>
    <marc:datafield tag="691" ind1="0" ind2="7">
      <marc:subfield code="a">Industrie agro-alimentaire</marc:subfield>
      <marc:subfield code="2">gcpds</marc:subfield>
    </marc:datafield>
    <marc:datafield tag="775" ind1="0" ind2="8">
      <marc:subfield code="t">Agriculture in harmony with nature : </marc:subfield>
      <marc:subfield code="w">(CaOODSP)9.693506</marc:subfield>
    </marc:datafield>
    <marc:datafield tag="776" ind1="0" ind2="#">
      <marc:subfield code="t">Agriculture en harmonie avec la nature: stratégie pour un environnement agricole et agroalimentaire durable au Canada </marc:subfield>
      <marc:subfield code="w">(CaOODSP)9.680025</marc:subfield>
    </marc:datafield>
    <marc:datafield tag="856" ind1="4" ind2="0">
      <marc:subfield code="a">http://publications.gc.ca</marc:subfield>
      <marc:subfield code="q">PDF</marc:subfield>
      <marc:subfield code="s">3257 Ko</marc:subfield>
      <marc:subfield code="u">https://publications.gc.ca/collections/Collection/A22-166-1-1997F.pdf</marc:subfield>
    </marc:datafield>
  </marc:record>
</marc:collection>
